Fr. Conceicao Rodrigues College of Engineering

Biomedical Digital Signal processing (Record no. 19578)

MARC details
000 -LEADER
fixed length control field 00387nam a2200169Ia 4500
082 ## - DEWEY DECIMAL CLASSIFICATION NUMBER
Classification number 621.402/RAJ
Item number RAJ
100 ## - MAIN ENTRY--PERSONAL NAME
Personal name Tompkins/Wills J
250 ## - EDITION STATEMENT
Edition statement 7
245 ## - TITLE STATEMENT
Title Biomedical Digital Signal processing
260 ## - PUBLICATION, DISTRIBUTION, ETC.
Name of publisher, distributor, etc. Laxmi publications
Date of publication, distribution, etc. 1995
366 ## - TRADE AVAILABILITY INFORMATION
Publishers's discount category 10
300 ## - PHYSICAL DESCRIPTION
Extent 368
546 ## - LANGUAGE NOTE
Language note ENGLISH
650 ## - SUBJECT ADDED ENTRY--TOPICAL TERM
Topical term or geographic name entry element Bio medical instrumentation
654 ## - SUBJECT ADDED ENTRY--FACETED TOPICAL TERMS
Focus term biomedical
942 ## - ADDED ENTRY ELEMENTS (KOHA)
Koha item type BOOK
Holdings
Withdrawn status Lost status Damaged status Not for loan Collection Home library Current library Date acquired Source of acquisition Cost, normal purchase price Inventory number Total Checkouts Full call number Barcode Date last seen Cost, replacement price Price effective from Koha item type
        CRC Fr. Agnel's C.Rodrigues College of Engineering Fr. Agnel's C.Rodrigues College of Engineering 17/03/2023 Educational books and periodicals 265.50 252 dt 27/04/2009   621.402/RAJ RAJ 19489 17/03/2023 295.00   BOOK
        CRC Fr. Agnel's C.Rodrigues College of Engineering Fr. Agnel's C.Rodrigues College of Engineering 17/03/2023 Educational books and periodicals 265.50 252 dt 27/04/2009   621.402/RAJ RAJ 19490 17/03/2023 295.00   BOOK
        CRC Fr. Agnel's C.Rodrigues College of Engineering Fr. Agnel's C.Rodrigues College of Engineering 17/03/2023 Educational books and periodicals 265.50 252 dt 27/04/2009   621.402/RAJ RAJ 19491 17/03/2023 295.00   BOOK